00543nam a2200145Ia 4500008004100000100003000041245008600071245003000157260005900187650001800246650001500264856002600279999001900305952007300324170221s9999 xx 000 0 und d aAborisade Philip Olubunmi 4aThe Emerging Cyber Media: The beginning of a New Media and the end of Old Media  cAborisade Philip Olubunmi bOnline Journal of Communication and Media Technologies xCommunication xMedia Arts uhttp://www.ojcmt.net/ c312606d312606 001040aCLbCLd2017-02-21l0r2017-02-21 00:00:00w2017-02-21yFOJ